000
00325nam a22001337a 4500
020
_a
9781784158132
082
_a
ACCA F8 Study Text
100
_a
Kaplan Publishing
245
_a
Audit and Assurance
250
_a
September 2017-June 2018
260
_a
United Kingdom
_b
Kaplan Publishing
_c
2017
300
_a
521
942
_c
BK
999
_c
1813
_d
1813